<?xml version="1.0" encoding="UTF-8"?><marc:collection xmlns:marc="http://www.loc.gov/MARC21/slim">
  <marc:record>
    <marc:leader>00000nam  2200000za 4500</marc:leader>
    <marc:controlfield tag="001">9.693231</marc:controlfield>
    <marc:controlfield tag="003">CaOODSP</marc:controlfield>
    <marc:controlfield tag="005">20210929082801</marc:controlfield>
    <marc:controlfield tag="007">cr |||||||||||</marc:controlfield>
    <marc:controlfield tag="008">150407|2009||||xxc|||||o    f|0| 0 eng d</marc:controlfield>
    <marc:datafield tag="020" ind1=" " ind2=" ">
      <marc:subfield code="a">978-1-100-15222-6</marc:subfield>
    </marc:datafield>
    <marc:datafield tag="040" ind1=" " ind2=" ">
      <marc:subfield code="a">CaOODSP</marc:subfield>
      <marc:subfield code="b">eng</marc:subfield>
    </marc:datafield>
    <marc:datafield tag="043" ind1=" " ind2=" ">
      <marc:subfield code="a">n-cn---</marc:subfield>
    </marc:datafield>
    <marc:datafield tag="086" ind1="1" ind2=" ">
      <marc:subfield code="a">Fo149-1/2009E-PDF</marc:subfield>
    </marc:datafield>
    <marc:datafield tag="110" ind1="1" ind2=" ">
      <marc:subfield code="a">Canada. </marc:subfield>
      <marc:subfield code="b">Natural Resources Canada. </marc:subfield>
      <marc:subfield code="b">Canadian Forest Service.</marc:subfield>
    </marc:datafield>
    <marc:datafield tag="245" ind1="1" ind2="0">
      <marc:subfield code="a">Canadian Wood Fibre Centre, implementation plan, 2009-2011 / </marc:subfield>
      <marc:subfield code="h">[electronic resource]</marc:subfield>
      <marc:subfield code="c">[issued by] Canadian Wood Fibre Centre. </marc:subfield>
    </marc:datafield>
    <marc:datafield tag="260" ind1=" " ind2=" ">
      <marc:subfield code="a">Ottawa - Ontario : </marc:subfield>
      <marc:subfield code="b">Natural Resources Canada. </marc:subfield>
      <marc:subfield code="c">March 2010.</marc:subfield>
    </marc:datafield>
    <marc:datafield tag="300" ind1=" " ind2=" ">
      <marc:subfield code="a">24p.</marc:subfield>
      <marc:subfield code="b">coloured figs., table, photographs</marc:subfield>
    </marc:datafield>
    <marc:datafield tag="520" ind1="3" ind2=" ">
      <marc:subfield code="a">This plan, which covers the period 2009-2011, has three objectives: To provide a framework for integrating the Canadian Wood Fibre Centre (CWFC) fully into the strategic directions of FPInnovations; To provide direction for implementing CWFC research and knowledge exchange programs; and To provide guidance for reporting on the impact of CWFC activities.</marc:subfield>
    </marc:datafield>
    <marc:datafield tag="590" ind1=" " ind2=" ">
      <marc:subfield code="a">12-24-Supp</marc:subfield>
      <marc:subfield code="b">2012-05-30</marc:subfield>
    </marc:datafield>
    <marc:datafield tag="690" ind1="0" ind2="7">
      <marc:subfield code="a">Forestry</marc:subfield>
      <marc:subfield code="2">gcpds</marc:subfield>
    </marc:datafield>
    <marc:datafield tag="690" ind1="0" ind2="7">
      <marc:subfield code="a">Forestry products</marc:subfield>
      <marc:subfield code="2">gcpds</marc:subfield>
    </marc:datafield>
    <marc:datafield tag="775" ind1="0" ind2="8">
      <marc:subfield code="t">Centre canadien sur la fibre de bois, plan de mise en œuvre, 2009-2011 / </marc:subfield>
      <marc:subfield code="w">(CaOODSP)9.637433</marc:subfield>
    </marc:datafield>
    <marc:datafield tag="776" ind1="0" ind2="#">
      <marc:subfield code="t">Canadian Wood Fibre Centre - Implementation plan 2009-2011 / </marc:subfield>
      <marc:subfield code="w">(CaOODSP)9.672111</marc:subfield>
    </marc:datafield>
    <marc:datafield tag="776" ind1="0" ind2="#">
      <marc:subfield code="t">Centre canadien sur la fibre de bois - Plan de mise en œuvre 2009-2011 / </marc:subfield>
      <marc:subfield code="w">(CaOODSP)9.672112</marc:subfield>
    </marc:datafield>
    <marc:datafield tag="795" ind1=" " ind2=" ">
      <marc:subfield code="t">Canadian Wood Fibre Centre - Development plan 2006-2009 / </marc:subfield>
      <marc:subfield code="w">(CaOODSP)9.689986</marc:subfield>
    </marc:datafield>
    <marc:datafield tag="856" ind1="4" ind2="0">
      <marc:subfield code="a">http://publications.gc.ca</marc:subfield>
      <marc:subfield code="q">PDF</marc:subfield>
      <marc:subfield code="s">663 KB</marc:subfield>
      <marc:subfield code="u">https://publications.gc.ca/collections/collection_2011/rncan-nrcan/Fo149-1-2009-eng.pdf</marc:subfield>
    </marc:datafield>
  </marc:record>
</marc:collection>
